[Event "Mecklenburg VP Verbandsliga 2122"]
[Site "Mecklenburg VP"]
[Date "2022.04.24"]
[Round "5.4"]
[White "Gazizov, Max"]
[Black "Zentgraf, Robert"]
[Result "0-1"]
[WhiteElo "1689"]
[BlackElo "2171"]
[PlyCount "44"]
[EventDate "2021.10.24"]
[EventType "team-tourn"]
[EventRounds "9"]
[EventCountry "GER"]
[SourceTitle "EXT 2024"]
[Source "ChessBase"]
[SourceDate "2023.10.10"]
[SourceVersion "1"]
[SourceVersionDate "2023.10.10"]
[SourceQuality "1"]
[WhiteTeam "Think Rochade"]
[BlackTeam "Torgelow Droegeheide"]
[WhiteTeamCountry "GER"]
[BlackTeamCountry "GER"]

1. d4 Nf6 2. c4 g6 3. Nc3 Bg7 4. e4 d6 5. Nf3 0-0 6. Be2 Na6 7. Qc2 Nb4 8. Qd1 e5 9. d5 a5 10. b3 Nxe4 11. Nxe4 f5 12. Bg5 Qe8 13. Nxd6 cxd6 14. Rc1 Nxa2 15. Rc2 Nb4 16. Rc1 e4 17. Nh4 f4 18. c5 Qe5 19. cxd6 Qxg5 20. Rc7 Qxh4 21. 0-0 f3 22. gxf3 Be5 0-1

[Event "Mecklenburg VP Verbandsliga 1920"]
[Site "Mecklenburg VP"]
[Date "2020.02.02"]
[Round "6.2"]
[White "Zentgraf, Robert"]
[Black "Luther, Alexander"]
[Result "1/2-1/2"]
[WhiteElo "2171"]
[BlackElo "2052"]
[PlyCount "28"]
[EventDate "2019.09.29"]
[EventType "team-tourn"]
[EventRounds "9"]
[EventCountry "GER"]
[SourceTitle "EXT 2023"]
[Source "ChessBase"]
[SourceDate "2022.10.05"]
[SourceVersion "1"]
[SourceVersionDate "2022.10.05"]
[SourceQuality "1"]
[WhiteTeam "Torgelow"]
[BlackTeam "Guestrow/Teterow"]
[WhiteTeamCountry "GER"]
[BlackTeamCountry "GER"]

1. d4 Nf6 2. Nf3 e6 3. g3 d5 4. Bg2 Be7 5. 0-0 0-0 6. c4 dxc4 7. Qa4 a6 8. Qxc4 b5 9. Qb3 Bb7 10. Rd1 Bd5 11. Qc2 Be4 12. Qb3 Bd5 13. Qc2 Be4 14. Qb3 Qd5 1/2-1/2

[Event "Mecklenburg VP Verbandsliga 1920"]
[Site "Mecklenburg VP"]
[Date "2019.10.20"]
[Round "2.2"]
[White "Roehl, Rainer"]
[Black "Zentgraf, Robert"]
[Result "1-0"]
[WhiteElo "2033"]
[BlackElo "2171"]
[PlyCount "105"]
[EventDate "2019.09.29"]
[EventType "team-tourn"]
[EventRounds "9"]
[EventCountry "GER"]
[SourceTitle "EXT 2023"]
[Source "ChessBase"]
[SourceDate "2022.10.05"]
[SourceVersion "1"]
[SourceVersionDate "2022.10.05"]
[SourceQuality "1"]
[WhiteTeam "Schwerin SF II"]
[BlackTeam "Torgelow"]
[WhiteTeamCountry "GER"]
[BlackTeamCountry "GER"]

1. d4 Nf6 2. Bf4 e6 3. Nf3 c5 4. e3 b6 5. Nc3 a6 6. d5 d6 7. dxe6 fxe6 8. Ng5 h6 9. Nge4 d5 10. Nxf6+ Qxf6 11. Bd3 Qf7 12. Qg4 g5 13. Nxd5 Nd7 14. Nc7+ Ke7 15. Qf3 gxf4 16. Qxa8 Bg7 17. 0-0 Be5 18. Qc6 f3 19. g3 h5 20. Be4 h4 21. Qxe6+ Qxe6 22. Nxe6 Kxe6 23. Bxf3 Bc7 24. Bg4+ Ke7 25. Rad1 Ne5 26. Bxc8 Rxc8 27. Kg2 Rh8 28. b3 h3+ 29. Kh1 Nf3 30. Rd5 Ke6 31. c4 Rh7 32. a4 a5 33. Rfd1 Be5 34. Rd8 Bc7 35. Re8+ Re7 36. Rh8 Ng5 37. f4 Ne4 38. Kg1 Kf5 39. Rxh3 Nf6 40. Kg2 Rxe3 41. Rh8 Rxb3 42. Rc8 Bxf4 43. Rf1 Nh5 44. Rf8+ Kg4 45. h3+ Kg5 46. gxf4+ Kh4 47. Rf3 Rb2+ 48. Kg1 Rb1+ 49. Kf2 Rc1 50. f5 Rxc4 51. f6 Nf4 52. f7 Rc2+ 53. Ke1 1-0

[Event "Mecklenburg VP VL 1718"]
[Site "Mecklenburg VP"]
[Date "2018.03.18"]
[Round "7.2"]
[White "Schumacher, Ole"]
[Black "Zentgraf, Robert"]
[Result "1-0"]
[WhiteElo "1835"]
[BlackElo "2107"]
[PlyCount "47"]
[EventDate "2017.10.08"]
[EventType "team-tourn"]
[EventRounds "9"]
[EventCountry "GER"]
[SourceTitle "EXT 2022"]
[Source "ChessBase"]
[SourceDate "2021.10.06"]
[SourceVersion "1"]
[SourceVersionDate "2021.10.06"]
[SourceQuality "1"]
[WhiteTeam "Schwerin SF III"]
[BlackTeam "Torgelow Droegeheide"]
[WhiteTeamCountry "GER"]
[BlackTeamCountry "GER"]

1. d4 Nf6 2. c4 g6 3. Nc3 Bg7 4. e4 d6 5. Nf3 0-0 6. h3 e5 7. d5 Nh5 8. g3 f5 9. exf5 gxf5 10. Bg5 Qe8 11. Be2 f4 12. g4 e4 13. Nd4 Qe5 14. gxh5 Qxg5 15. Bg4 e3 16. Bxc8 exf2+ 17. Kxf2 Qg3+ 18. Kf1 Rxc8 19. Nf5 Rf8 20. Nxg3 fxg3+ 21. Kg2 Rf2+ 22. Kxg3 Rxb2 23. Qg4 h6 24. Rh2 1-0

[Event "Mecklenburg VP VL 1718"]
[Site "Mecklenburg VP"]
[Date "2017.10.08"]
[Round "1.2"]
[White "Hartung, Lothar"]
[Black "Zentgraf, Robert"]
[Result "0-1"]
[WhiteElo "1777"]
[BlackElo "2107"]
[PlyCount "138"]
[EventDate "2017.10.08"]
[EventType "team-tourn"]
[EventRounds "9"]
[EventCountry "GER"]
[SourceTitle "EXT 2022"]
[Source "ChessBase"]
[SourceDate "2021.10.06"]
[SourceVersion "1"]
[SourceVersionDate "2021.10.06"]
[SourceQuality "1"]
[WhiteTeam "Neubrandenburg SG Eintracht"]
[BlackTeam "Torgelow Droegeheide"]
[WhiteTeamCountry "GER"]
[BlackTeamCountry "GER"]

1. d4 Nf6 2. Nf3 e6 3. e3 c5 4. c3 b6 5. Bd3 Bb7 6. Nbd2 cxd4 7. exd4 Be7 8. Qe2 d6 9. Ne4 Nbd7 10. 0-0 0-0 11. Re1 h6 12. Bf4 Nxe4 13. Bxe4 Bxe4 14. Qxe4 Nf6 15. Qd3 Qd7 16. Rad1 b5 17. Qd2 Rfc8 18. Qe2 Nd5 19. Bd2 Rc7 20. Rc1 Rac8 21. Qd3 Qc6 22. a3 Qc4 23. Qb1 Qa4 24. Rc2 Qa6 25. Rcc1 Bf6 26. Qd3 Qa4 27. Qb1 Qb3 28. Be3 Nb6 29. Nd2 Qd5 30. Qe4 Qxe4 31. Nxe4 Be7 32. Nd2 Nc4 33. Nxc4 Rxc4 34. d5 a6 35. dxe6 fxe6 36. Rcd1 Kf7 37. Bb6 Ra4 38. Rd3 Rc6 39. Ba7 a5 40. g3 b4 41. cxb4 axb4 42. Be3 Rc2 43. Rb3 bxa3 44. bxa3 Ra2 45. Bc1 Ra1 46. Kf1 Ra7 47. Bb2 Ra2 48. Ra1 Rxa1+ 49. Bxa1 e5 50. Ke2 Ke6 51. Kd3 d5 52. Bb2 e4+ 53. Ke3 Bc5+ 54. Bd4 Bxd4+ 55. Kxd4 Ra4+ 56. Rb4 Rxa3 57. Rb6+ Kf5 58. Kxd5 Rd3+ 59. Kc4 Rd2 60. Rb8 Kg4 61. Rf8 Kh3 62. Rf7 g5 63. Rh7 Kxh2 64. Rxh6+ Kg2 65. Rg6 Kxf2 66. Rxg5 e3 67. Rf5+ Kxg3 68. Kc3 Rd1 69. Rg5+ Kf4 0-1

[Event "Mecklenburg VP VL 1516"]
[Site "Mecklenburg VP"]
[Date "2016.02.21"]
[Round "6.2"]
[White "Dettmann, Gerd"]
[Black "Zentgraf, Robert"]
[Result "1/2-1/2"]
[WhiteElo "2081"]
[BlackElo "2142"]
[PlyCount "120"]
[EventDate "2015.09.20"]
[EventType "team-tourn"]
[EventRounds "9"]
[EventCountry "GER"]
[SourceTitle "EXT 2022"]
[Source "ChessBase"]
[SourceDate "2021.10.06"]
[SourceVersion "1"]
[SourceVersionDate "2021.10.06"]
[SourceQuality "1"]
[WhiteTeam "Guestrow/Teterow"]
[BlackTeam "Torgelow Droegeheide"]
[WhiteTeamCountry "GER"]
[BlackTeamCountry "GER"]

1. e4 c5 2. Nf3 g6 3. d4 cxd4 4. Nxd4 Bg7 5. Nc3 Nc6 6. Be3 Nf6 7. Be2 0-0 8. 0-0 d6 9. Kh1 Bd7 10. Qd2 Nxd4 11. Bxd4 Bc6 12. f3 e5 13. Bf2 d5 14. exd5 Nxd5 15. Nxd5 Qxd5 16. Qxd5 Bxd5 17. Rfd1 Be6 18. c3 Rfc8 19. Bd3 Rc7 20. Bc2 f6 21. Rd2 Bf8 22. Kg1 Kf7 23. a3 Bc5 24. Rad1 Bxf2+ 25. Kxf2 Ke7 26. g3 Rac8 27. Re1 Kf7 28. Be4 Ke7 29. Bc2 Kf7 30. h4 Re8 31. Rd6 Rc6 32. Rxc6 bxc6 33. Re4 Rb8 34. Rb4 Rb6 35. Rxb6 axb6 36. b4 Ke7 37. a4 Kd6 38. g4 c5 39. g5 f5 40. Ke3 Kd5 41. Bd3 c4 42. Bc2 Bc8 43. Kf2 Ke6 44. Kg3 Bb7 45. Bd1 Bc6 46. Be2 Kd5 47. Bd1 Ke6 48. a5 b5 49. h5 Kd5 50. h6 f4+ 51. Kf2 Be8 52. Bc2 Kc6 53. Be4+ Kc7 54. Bd5 Kb8 55. Bg8 Kb7 56. Be6 Ka7 57. Bg8 Kb7 58. Kg2 Ka7 59. Kh3 Bd7+ 60. Kh4 Be8 1/2-1/2

[Event "Mecklenburg VP VL 1516"]
[Site "Mecklenburg VP"]
[Date "2015.11.15"]
[Round "3.1"]
[White "Zentgraf, Robert"]
[Black "Ruesch, Hans Joachim"]
[Result "1/2-1/2"]
[WhiteElo "2142"]
[BlackElo "1919"]
[PlyCount "67"]
[EventDate "2015.09.20"]
[EventType "team-tourn"]
[EventRounds "9"]
[EventCountry "GER"]
[SourceTitle "EXT 2022"]
[Source "ChessBase"]
[SourceDate "2021.10.06"]
[SourceVersion "1"]
[SourceVersionDate "2021.10.06"]
[SourceQuality "1"]
[WhiteTeam "Torgelow Droegeheide"]
[BlackTeam "Warnemuende SF Ostsee"]
[WhiteTeamCountry "GER"]
[BlackTeamCountry "GER"]

1. e4 g6 2. d4 c5 3. Nf3 Bg7 4. Nc3 Nc6 5. d5 Nd4 6. Nxd4 cxd4 7. Nb5 Qb6 8. Bd3 a6 9. Na3 Qc7 10. Bg5 e5 11. Qe2 h6 12. Bd2 b5 13. Nb1 d6 14. a4 bxa4 15. Rxa4 f5 16. Ba5 Qf7 17. f3 Nf6 18. Nd2 0-0 19. Nc4 fxe4 20. Bxe4 Nxe4 21. fxe4 Qf4 22. Bd2 Qh4+ 23. g3 Qh3 24. Rg1 Bg4 25. Qg2 Qxg2 26. Rxg2 Bf3 27. Re2 Bxe2 28. Kxe2 Rf6 29. Be1 Bf8 30. Na5 Rf7 31. Nc6 Rb7 32. b4 Kf7 33. Ra3 Ke8 34. Bd2 1/2-1/2

[Event "Mecklenburg VP VL 1415"]
[Site "Mecklenburg VP"]
[Date "2014.12.07"]
[Round "4.3"]
[White "Littke, Helmut"]
[Black "Zentgraf, Robert"]
[Result "0-1"]
[WhiteElo "1992"]
[BlackElo "2115"]
[PlyCount "84"]
[EventDate "2014.09.21"]
[EventType "team-tourn"]
[EventRounds "9"]
[EventCountry "GER"]
[SourceTitle "EXT 2022"]
[Source "ChessBase"]
[SourceDate "2021.10.06"]
[SourceVersion "1"]
[SourceVersionDate "2021.10.06"]
[SourceQuality "1"]
[WhiteTeam "Wismar ASV Gruen-Weiss"]
[BlackTeam "Torgelow Droegeheide"]
[WhiteTeamCountry "GER"]
[BlackTeamCountry "GER"]

1. Nf3 Nf6 2. d4 c5 3. c3 g6 4. Nbd2 d5 5. e3 Bg7 6. Bd3 0-0 7. 0-0 Nbd7 8. e4 dxe4 9. Nxe4 cxd4 10. cxd4 Nxe4 11. Bxe4 Nf6 12. Bc2 Be6 13. Bf4 Qb6 14. Be5 Rfd8 15. b3 Rac8 16. Qe2 Bd5 17. Bd3 Qc6 18. Nd2 a6 19. f3 Qb6 20. Rac1 Ne8 21. Rxc8 Rxc8 22. Bc4 Qe6 23. Bxg7 Qxe2 24. Bxe2 Nxg7 25. Bc4 Rd8 26. Rd1 Ne6 27. Bxd5 Rxd5 28. Ne4 Kf8 29. Kf2 Nxd4 30. Nc3 Rd8 31. Ne4 b6 32. Rc1 f5 33. Nd2 b5 34. Ke3 Ne6 35. a4 Kf7 36. axb5 axb5 37. g3 g5 38. h4 h6 39. hxg5 hxg5 40. Nb1 f4+ 41. gxf4 gxf4+ 42. Ke4 Kf6 0-1

[Event "Mecklenburg VP VL 1314"]
[Site "Mecklenburg VP"]
[Date "2014.04.06"]
[Round "8.2"]
[White "Zentgraf, Robert"]
[Black "Hubert, Peter"]
[Result "1/2-1/2"]
[WhiteElo "2076"]
[BlackElo "1992"]
[PlyCount "120"]
[EventDate "2013.10.20"]
[EventType "team-tourn"]
[EventRounds "9"]
[EventCountry "GER"]
[SourceTitle "EXT 2022"]
[Source "ChessBase"]
[SourceDate "2021.10.06"]
[SourceVersion "1"]
[SourceVersionDate "2021.10.06"]
[SourceQuality "1"]
[WhiteTeam "Torgelow Droegeheide"]
[BlackTeam "Stralsund FHSG"]
[WhiteTeamCountry "GER"]
[BlackTeamCountry "GER"]

1. d4 Nf6 2. Nf3 d5 3. g3 g6 4. Bg2 Bg7 5. 0-0 0-0 6. c4 c6 7. cxd5 cxd5 8. Nc3 Nc6 9. Ne5 Nxe5 10. dxe5 Ng4 11. Bxd5 Nxe5 12. Qb3 e6 13. Bg2 Nc6 14. Be3 Nd4 15. Bxd4 Qxd4 16. Rfd1 Qe5 17. Rd2 Rb8 18. a4 Qa5 19. Rad1 a6 20. Qc4 b5 21. axb5 axb5 22. Qc5 Bb7 23. b4 Qa3 24. Nxb5 Qa4 25. Nc3 Bxc3 26. Qxc3 Bxg2 27. Kxg2 Qxb4 28. Qxb4 Rxb4 29. Rd7 Rfb8 30. Ra7 R4b7 31. Rd7 Rxa7 32. Rxa7 h5 33. Kf3 Rb3+ 34. e3 Rb2 35. h3 Kg7 36. Ra4 Rc2 37. g4 hxg4+ 38. hxg4 g5 39. Kg3 Rc3 40. Ra8 Rb3 41. Kf3 Rc3 42. Ra4 Rc2 43. Ra3 Kg6 44. Kg3 Rc1 45. Kf3 Rc4 46. Ra8 Kg7 47. Ra5 Kg6 48. Re5 Rc1 49. Kg3 Rg1+ 50. Kh3 Rh1+ 51. Kg2 Ra1 52. f4 gxf4 53. exf4 Ra3 54. Rg5+ Kh7 55. Kf2 Rb3 56. Re5 Kg6 57. Ke2 Ra3 58. Kf2 Rb3 59. Rh5 f5 60. Rg5+ Kf6 1/2-1/2

[Event "Mecklenburg VP VL 1112"]
[Site "Mecklenburg VP"]
[Date "2012.01.15"]
[Round "5.1"]
[White "Zentgraf, Robert"]
[Black "Kliewe, Hans Juergen"]
[Result "1-0"]
[WhiteElo "2072"]
[BlackElo "2071"]
[PlyCount "73"]
[EventDate "2011.10.02"]
[EventType "team-tourn"]
[EventRounds "9"]
[EventCountry "GER"]
[SourceTitle "EXT 2022"]
[Source "ChessBase"]
[SourceDate "2021.10.06"]
[SourceVersion "1"]
[SourceVersionDate "2021.10.06"]
[SourceQuality "1"]
[WhiteTeam "Torgelow Droegeheide"]
[BlackTeam "Wismar ASV Gruen-Weiss"]
[WhiteTeamCountry "GER"]
[BlackTeamCountry "GER"]

1. Nf3 d5 2. d4 Nf6 3. g3 c6 4. Bg2 Bf5 5. 0-0 e6 6. c4 Be7 7. Nc3 0-0 8. Qb3 Qb6 9. c5 Qxb3 10. axb3 Na6 11. Bf4 Ne4 12. Ne5 f6 13. Nxc6 bxc6 14. Rxa6 g5 15. Nxe4 gxf4 16. Nd6 Bc2 17. gxf4 Bxb3 18. Rxc6 f5 19. Ra1 a5 20. Nb7 Kf7 21. Rxa5 Bc4 22. Bf3 Rfb8 23. Rxa8 Rxa8 24. Rb6 Bf6 25. Nd6+ Kf8 26. Nxc4 Ra1+ 27. Kg2 dxc4 28. e3 Rb1 29. Rxe6 Bd8 30. Be2 Rxb2 31. Bxc4 Bh4 32. Rh6 Bxf2 33. Kf3 Kg7 34. Re6 Bg1 35. Be2 Rc2 36. Re5 Kf6 37. Rxf5+ 1-0

[Event "Rostock SSC 07 op 10th"]
[Site "Rostock"]
[Date "2011.08.05"]
[Round "4"]
[White "Oldach, Ehrenfried"]
[Black "Zentgraf, Robert"]
[Result "0-1"]
[WhiteElo "2020"]
[BlackElo "2136"]
[PlyCount "108"]
[EventDate "2011.08.03"]
[EventType "swiss"]
[EventRounds "7"]
[EventCountry "GER"]
[SourceTitle "EXT 2017"]
[Source "ChessBase"]
[SourceDate "2016.10.25"]
[SourceVersion "1"]
[SourceVersionDate "2016.10.25"]
[SourceQuality "1"]

1. e4 c5 2. Nf3 d6 3. d4 cxd4 4. Nxd4 Nf6 5. Nc3 g6 6. Bc4 Bg7 7. 0-0 0-0 8. Bb3 Nc6 9. Be3 Ng4 10. Nxc6 bxc6 11. Bg5 Ne5 12. Qd2 Ba6 13. Rfe1 Nc4 14. Bxc4 Bxc4 15. Bh6 Be6 16. Bxg7 Kxg7 17. Qd4+ f6 18. b3 Qb6 19. Qxb6 axb6 20. a4 Ra5 21. b4 Ra7 22. Ra3 Rfa8 23. Rea1 Kf7 24. f3 Bc4 25. Kf2 b5 26. a5 c5 27. Nd5 Bxd5 28. exd5 cxb4 29. R3a2 Ra6 30. Ke3 Rc8 31. Rb1 Rc3+ 32. Kd4 Ra3 33. Rab2 R6xa5 34. Rxb4 R5a4 35. R1b2 e5+ 36. dxe6+ Kxe6 37. Rb1 Ra1 38. Rxa1 Rxb4+ 39. Kc3 Rc4+ 40. Kd3 Rc5 41. Ra7 Rg5 42. g3 Rh5 43. h4 g5 44. hxg5 Rxg5 45. Rxh7 Rxg3 46. Ke3 Rg2 47. Rb7 Rxc2 48. Rxb5 Rc4 49. Rb3 Ke5 50. Rd3 d5 51. f4+ Ke6 52. Kf3 d4 53. Ke4 f5+ 54. Kf3 Rc3 0-1

[Event "Bad Godesberg op 15th"]
[Site "Bad Godesberg"]
[Date "2011.07.23"]
[Round "1"]
[White "Schwab, Wolfgang"]
[Black "Zentgraf, Robert"]
[Result "0-1"]
[WhiteElo "1686"]
[BlackElo "2072"]
[PlyCount "96"]
[EventDate "2011.07.23"]
[EventType "swiss"]
[EventRounds "9"]
[EventCountry "GER"]
[SourceTitle "EXT 2017"]
[Source "ChessBase"]
[SourceDate "2016.10.25"]
[SourceVersion "1"]
[SourceVersionDate "2016.10.25"]
[SourceQuality "1"]

1. c4 e5 2. g3 Nf6 3. Bg2 d5 4. cxd5 Nxd5 5. Nc3 Nb6 6. Nf3 Nc6 7. 0-0 Be7 8. e3 Be6 9. d4 exd4 10. Nxd4 Nxd4 11. Qxd4 Qxd4 12. exd4 0-0-0 13. Bf4 c6 14. Rad1 Bf6 15. Be5 Bxe5 16. dxe5 Nc4 17. b3 Nxe5 18. Rfe1 Rxd1 19. Rxd1 Bg4 20. Re1 Ng6 21. h3 Be6 22. Ne4 Rd8 23. Ng5 Nf8 24. Nxe6 Nxe6 25. Re2 Kc7 26. h4 Rd1+ 27. Kh2 Kd6 28. Be4 g6 29. f4 Nd4 30. Rf2 f5 31. Bg2 Kc5 32. Bf1 b5 33. Kg2 Kb4 34. Kh3 h5 35. Bg2 Kc3 36. Bf3 Rd2 37. Rf1 Rxa2 38. Bg2 a5 39. Rc1+ Rc2 40. Ra1 Kb4 41. Rd1 Kc5 42. Rd3 Re2 43. Bf1 Re6 44. Kg2 Rd6 45. Kf2 Kb4 46. Ke3 Nc2+ 47. Kd2 Rxd3+ 48. Bxd3 Nd4 0-1